| 000 | 00455nam a2200157Ia 4500 | ||
|---|---|---|---|
| 008 | 220803s9999 xx 000 0 und d | ||
| 020 | _a0-262-13443-8 | ||
| 041 | _aeng | ||
| 082 | _a729 MON | ||
| 100 |
_aMonep R _920583 |
||
| 245 | _aTheoretical Anxiety And Design Strategies : In The Work Of Eight Contemporary Architects | ||
| 260 |
_aCambridge _bMIT Press _c2004 |
||
| 300 | _a412p | ||
| 500 | _aArchitecture | ||
| 650 |
_aArchitectural Design _920584 |
||
| 999 |
_c13774 _d13774 |
||